000 00517nam a2200169 a 4500
001 000044019
005 20201002045109.0
008 140513s1978 dr a 000 0 spa d
040 _aDO-SdBNP
_bspa
_cBNPHU
082 _axxxx
_bxxxx
100 1 _aSaezmiera Uyarra, Juan José
_971997
245 1 0 _aEstampas Calceatenses /
_cJuan José Saezmiera Uyarra.
250 _a2a. ed. corr. y enmendada
260 _a[Santo Domingo] :
_bImprenta Moderna,
_c1978.
300 _a122 p. ;
_c17 cm.
504 _aBibliografía : p. 5
999 _c43508
_d43508